Vo vlastnej pasci pokroku

Rozhovor s uznávaným filozofom a autorom dneška Ronaldom Wrightom o súčasnom stave ľudskej spoločnosti, o prežití, o koncentrácii bohatstva, o pokroku, o opakovaní chýb z minulosti.

Gespeichert in:
Bibliographische Detailangaben
1. Verfasser: Žuffa, Radovan
Weitere Verfasser: Wright, Ronald
Format: Buchkapitel
Sprache:Slowakisch
Schlagworte:
Tags: Tag hinzufügen
Keine Tags, Fügen Sie das erste Tag hinzu!

MARC

LEADER 00000naa a2200000 4500
001 0175891
005 20231113074942.5
041 0 |a slo 
044 |a SK 
245 1 0 |a Vo vlastnej pasci pokroku  |c Radovan Žuffa, Ronald Wright 
520 |a Rozhovor s uznávaným filozofom a autorom dneška Ronaldom Wrightom o súčasnom stave ľudskej spoločnosti, o prežití, o koncentrácii bohatstva, o pokroku, o opakovaní chýb z minulosti. 
610 2 0 |a civilizácia 
610 2 0 |a spoločnosť 
610 2 0 |a vývoj 
610 2 0 |a pokrok 
100 1 |a Žuffa, Radovan 
700 1 |a Wright, Ronald